banner koha

Decomposition of Leaf Litter in Semideciduous Submontane Forest, in The Southern State of Espírito Santo (Registro n. 341575)

MARC details
000 -LÍDER
fixed length control field 02273nab a2200313 i 4500
003 - CÓDIGO MARC DA AGÊNCIA CATALOGADORA
Campo de controle BR-BrBNA
005 - DATA E HORA DA ÚLTIMA ATUALIZAÇÃO
Campo de controle 20260427112113.0
008 - CAMPO DE TAMANHO FIXO
fixed length control field 260427b2019 bl.qr|pooa||| 00| 0 eng |
040 ## - FONTE DA CATALOGAÇÃO
Agência catalogadora BR-BrBNA
Idioma da catalogação eng
072 ## - CATEGORIA AGRIS
Código AGRIS K10
072 ## - CATEGORIA AGRIS
Código AGRIS P33
100 ## - ENTRADA PRINCIPAL - NOME PESSOAL
Nome pessoal Gomes Júnior, Diêgo
100 ## - ENTRADA PRINCIPAL - NOME PESSOAL
Nome pessoal Caldeira, Marcos Vinicius Winckler
100 ## - ENTRADA PRINCIPAL - NOME PESSOAL
Nome pessoal Klippel, Valéria Hollunder
100 ## - ENTRADA PRINCIPAL - NOME PESSOAL
Nome pessoal Mendonça, Eduardo De Sá
100 ## - ENTRADA PRINCIPAL - NOME PESSOAL
Nome pessoal Delarmelina, William Macedo
100 ## - ENTRADA PRINCIPAL - NOME PESSOAL
Nome pessoal Godinho, Tiago De Oliveira
100 ## - ENTRADA PRINCIPAL - NOME PESSOAL
Nome pessoal Rocha, Rafael Luiz Frinhani
245 ## - TÍTULO PRINCIPAL
Título principal Decomposition of Leaf Litter in Semideciduous Submontane Forest, in The Southern State of Espírito Santo
500 ## - NOTA GERAL
Nota geral Publicação on-line; Bibliography p. 9-12 (56 ref.); 1 table; 7 illus.; Summary (En)
942 ## - ADDED ENTRY ELEMENTS (KOHA)
Koha item type Analítica
520 ## - NOTA DE RESUMO
Nota de conteúdo <br/><br/>ABSTRACT<br/><br/>The objective of this work was to understand the relationship between decomposition of leaf<br/>litter and climatic elements and determine the mineralization of nutrients in the decomposition<br/>process in a fragment of Semideciduous Submontane Forest, located in southern state of of Espírito<br/>Santo. Overall, 84 litterbags were deposited in 12 permanent plots, collecting one litterbag per<br/>plot for 30, 60, 90, 150, 210, 270 and 360 days after the beginning of the experiment. The leaf<br/>material remaining in the litterbag was oven-dried and weighed, with later analysis of nutritional<br/>compounds. The leaf litter decomposition rate was 1.42, 75.95% of decomposing litter at the<br/>end of the evaluation period. Mineralization occurred in the following order: K, Corg., Mg, S, P,<br/>N and Ca. There was a positive correlation of average and minimum air temperature, as well as<br/>accumulated precipitation and leaf litter decomposition.<br/><br/>Keywords: nutrient cycling, tropical forests, macronutrients, lignocellulosic compounds.
650 ## - ASSUNTO - THESAGRO
Cabeçalho tópico ou nome geográfico FLORESTA
650 ## - ASSUNTO - THESAGRO
Cabeçalho tópico ou nome geográfico MACROELEMENTO
650 ## - ASSUNTO - THESAGRO
Cabeçalho tópico ou nome geográfico SERAPILHEIRA
773 0# - ENTRADA ANALÍTICA
Host Biblionumber 2929
Registro do item 347954
Imprenta Rio de Janeiro-RJ Instituto de Florestas - UFRRJ 1994
Outro identificador 2025-0453
Título Floresta e Ambiente (Brazil)
ISSN 1415-0980 / ISSN 2179-8087 0nline
Colação v. 26(special number n.1) p. 9-12; (2019)
Número de controle de registro BR2026001290
856 ## - ACESSO E ENDEREÇO ELETRÔNICO
Identificador uniforme de recurso - URI https://www.scielo.br/j/floram/a/QP5ZBpx7dbp4qTpnypTSHsR/?format=pdf&lang=en

Nenhum exemplar disponível.

BINAGRI

Telefone: (61)3218-2567/2388/3357/2097 - binagri@agro.gov.br

Ministério da Agricultura e Pecuária , Esplanada dos Ministérios, Bloco D, Anexo B, Brasília/DF, CEP: 70.043-900